Azteca
Guardat en:
| Autor principal: | |
|---|---|
| Format: | Llibre |
| Idioma: | espanyol |
| Publicat: |
Barcelona
Planeta
1990
|
| Edició: | 7a. ed |
| Matèries: | |
| Etiquetes: |
Afegir etiqueta
Sense etiquetes, Sigues el primer a etiquetar aquest registre!
|
MARC
| LEADER | 00000cam a2200000 a 4500 | ||
|---|---|---|---|
| 001 | UCG8874 | ||
| 003 | CL-VaPUC | ||
| 008 | 120106e19900000SP |||||||||||||||||spa|d | ||
| 020 | |a 8432037311 | ||
| 082 | 0 | 4 | |a 813 |b JEN |2 21 |
| 100 | |a Jennings, Gary |e author |9 560131 | ||
| 245 | 1 | 0 | |a Azteca |
| 250 | |a 7a. ed | ||
| 300 | |a 865 p | ||
| 942 | |c BK | ||
| 945 | |d 20120106 00:00:00 |a dcastane | ||
| 260 | |a Barcelona |b Planeta |c 1990 | ||
| 650 | 7 | |a NARRATIVA ESTADOUNIDENSE |2 CL-VaPUC |9 560132 | |
| 650 | 0 | |a Novelas estadounidenses |9 265217 | |
| 650 | 0 | |a Literatura estadounidense |9 317168 | |
| 583 | |a last modification |c 20120106 11:45:00 |k Rodrigo Vera | ||
| 999 | |c 346461 |d 346459 | ||
| 952 | |0 0 |1 0 |4 0 |6 813_000000000000000_JEN_1990 |7 0 |8 C |9 447150 |a BIBCUR |b BIBCUR |d 2019-11-22 |i 4795083 |o 813 JEN 1990 |p 4795083 |r 2025-04-22 |w 2019-11-22 |y BK |k CAC | ||
| 952 | |0 0 |1 0 |3 erb |4 0 |6 813_000000000000000_JEN_1990 |7 0 |8 C |9 447151 |a BIBCUR |b BIBCUR |i 5206669 |o 813 JEN 1990 |p 5206669 |r 2025-04-22 |w 2019-11-22 |y BK |z Catalogado en:20151112 |k CAC | ||